Attention et vigilance : À la croisée de la phénoménologie et des sciences cognitives (notice n° 2182826)

détails MARC
000 -LEADER
fixed length control field 01887cam a2200145 4500500
005 - DATE AND TIME OF LATEST TRANSACTION
control field 20260405052112.0
041 ## - LANGUAGE CODE
Language code of text/sound track or separate title fre
042 ## - AUTHENTICATION CODE
Authentication code dc
100 10 - MAIN ENTRY--PERSONAL NAME
Personal name Depraz, Nathalie
Relator term author
245 00 - TITLE STATEMENT
Title Attention et vigilance : À la croisée de la phénoménologie et des sciences cognitives
260 ## - PUBLICATION, DISTRIBUTION, ETC.
Name of publisher, distributor, etc. Presses Universitaires de France,<br/>
Date of publication, distribution, etc. 2014.<br/>
520 ## - SUMMARY, ETC.
Summary, etc. Porter son attention sur l’attention, voilà l’urgence de notre humanisation contemporaine. Les sciences l’ont compris, qui depuis plus d’un siècle multiplient les travaux en psychologie et en neurosciences sur cette fonction complexe et globale qui forme un réseau intégré transversal où jouent mémoire, perception, veille, émotion et décision&amp;#8239;; les techniques méditatives ont aussi leur rôle à jouer, s’adressant moins à notre intellect, comme les sciences, qu’à l’attitude fondamentale face à la vie. Elles nous proposent une clé en matière de pratique de la présence à soi.Devant l’impact croissant des sciences et la visibilité actuelle des techniques méditatives, quel rôle jouera la phénoménologie&amp;#8239;? Contrairement aux autres approches philosophiques, elle possède ce plus de tenir en un regard ouvert sur le monde: par son retour à l’expérience, elle fait alliance avec la visée expérimentale des sciences et, par sa méthode de suspension, elle entre en contact avec une quête contemplative qui est prise de recul. Elle joue ainsi un rôle-charnière pour repenser l’attention en en faisant une expérience d’ouverture au monde davantage qu’un état mental interne. La phénoménologie apporte quelque chose d’inédit: une éthique de l’attention, qui réforme celle-ci en «vigilance».
700 10 - ADDED ENTRY--PERSONAL NAME
Personal name Depraz, Natalie
Relator term author
856 41 - ELECTRONIC LOCATION AND ACCESS
Uniform Resource Identifier <a href="https://shs.cairn.info/attention-et-vigilance--9782130620280?lang=fr&redirect-ssocas=7080">https://shs.cairn.info/attention-et-vigilance--9782130620280?lang=fr&redirect-ssocas=7080</a>

Pas d'exemplaire disponible.

PLUDOC

PLUDOC est la plateforme unique et centralisée de gestion des bibliothèques physiques et numériques de Guinée administré par le CEDUST. Elle est la plus grande base de données de ressources documentaires pour les Étudiants, Enseignants chercheurs et Chercheurs de Guinée.

Adresse

627 919 101/664 919 101

25 boulevard du commerce
Kaloum, Conakry, Guinée

Réseaux sociaux

Powered by Netsen Group @ 2025